Дело о постройке здания в селе Ельцах Ржевского уезда Тверской губернии

Доступно только в Электронных читальных залах Найти на картеНа карте
RUSMARC
00003690nmc2a22002413x 450
001d747f845-3923-41d6-8b23-37a05654db82
00520201102115006.0
100##$a20200325l19121915k l0rusy0189 ca
1010#$arus
102##$aRU
105##$ay###
1222#$ad
2001#$aДело о постройке здания в селе Ельцах Ржевского уезда Тверской губернии
$j1912 г. - 11 июля 1915 г.
215##$a35 л.
$d36,5х26 см
251##$cДело
300##$aСохранилась лишь часть переписки
371##$aДокумент не является опубликованным и широко распространяемым
461#0$1001a74412a3-3cc5-4d21-8f0a-dfe2fbd9e72d
$12001
$aДепартамент народного просвещения Министерства народного просвещения
$1251
$cФонд
$1852
$j733
462#0$1001de44f274-01d8-41ba-8482-7eb0224f7e61
$12001
$aДела разряда учительских институтов, семинарий и низших учебных заведений
$1251
$cОпись
$1852
$j179
801#0$aRU
$bРГИА
$c20200325
$gRCR
801#1$aRU
$bГлавНИВЦ
$c20200325
$2rusmarc
801#2$aRU
$bПБ им. Б.Н. Ельцина
$c20201102
$gRCR
$2rusmarc
850##$aРГИА
852##$aРГИА
$eФедеральное казенное учреждение "Российский государственный исторический архив" (РГИА)
$j128
937##$hРГИА
$d12341491
$aASBIBLIO_SCAN
035##$aRusGRCC00003864
856##$uhttp://readingroom.main.prlib.ru/item.aspx?id_node=n150608729&mode=full
Формат отображения